| 000 | 03208nam0a2200433 i 4500 | ||
|---|---|---|---|
| 001 | RU\NLR\bibl\2076416 | ||
| 005 | 20260408110803.0 | ||
| 010 |
_a9785777915108 _9150 |
||
| 021 |
_aRU _b2013-65933 _94511 |
||
| 035 | _a(nilc)RuMoRGB-006635382 | ||
| 035 | _a(NLR Aleph) 002071561 | ||
| 090 |
_a4760968 _c4760968 |
||
| 100 | _a20130819d2012 u y0rusy50 ca | ||
| 101 | 0 | _arus | |
| 102 | _aRU | ||
| 105 | _ay zzzz||||| | ||
| 200 | 1 |
_aКультура и интеллигенция России. Личности. Творчество. Интеллектуальные диалоги в эпохи политических модернизаций _eматериалы VIII всероссийской научной конференции с международным участием в рамках программы подготовки к 300-летию Омска и празднования юбилейных событий российской истории (Омск, 16-18 октября 2012 г.) _f[редкол.: ...О. В. Петренко, В. Г. Рыженко (отв. редакторы) и др.] |
|
| 210 |
_aОмск _cИзд-во Омского гос. ун-та _d2012 |
||
| 215 |
_a487 с. _cпортр., табл. _d21 |
||
| 300 | _aВ надзаг.: М-во образования и науки Российской Федерации, Федер. гос. бюдж. образоват. учреждение высш. проф. образования Ом. гос. ун-т им. Ф.М. Достоевского, Сиб. фил. Рос. ин-та культурологии МК РФ, Ом. фил. ин-та археологии и этнографии СО РАН [и др.] | ||
| 320 | _aБиблиогр. в подстроч. примеч. | ||
| 517 | 1 | _aЛичности. Творчество. Интеллектуальные диалоги в эпоху политических модернизаций | |
| 606 | 1 |
_aИнтеллигенция _jСъезды, совещания и т.п. _yРоссия _92118536 _3RU\NLR\auth\661279566 |
|
| 606 | 1 |
_aКультурология _jСъезды, совещания и т.п. _91437504 _3RU\NLR\auth\66607983 |
|
| 607 |
_aРоссия _jСъезды, совещания и т.п. _xКультура _92079142 _3RU\NLR\auth\661255015 |
||
| 686 | _aТ3(2)0-293я431 | ||
| 686 | _aТ3(2)0-7я431 | ||
| 686 | _aЧ111я431 | ||
| 702 | 1 |
_aПетренко _bО. В. _gОльга Владимировна _4340 |
|
| 711 | 1 | 2 |
_a"Культура и интеллигенция России: Личности. Творчество. Интеллектуальные диалоги в эпохи политических модернизаций", всероссийская научная конференция с международным участием _d8 _eОмск _f2012 _9380628 _3RU\NLR\AUTH\8810247486 |
| 801 | 0 |
_aRU _bRuMoRKP _c20130819 _gRCR |
|
| 801 | 2 |
_aRU _bРГБ _c20130909 _grcr |
|
| 801 | 1 |
_aRU _bRuMoRKP _c20130819 _2rusmarc |
|
| 801 | 2 |
_aRU _bNLR _c20130927 _grcr |
|
| 942 | _cBOOK | ||
| 980 | _aNBR | ||